| 000 | 00587nam a2200193 u 4500 | ||
|---|---|---|---|
| 005 | 20240419063751.0 | ||
| 008 | 150805s2007 ug r 000 0 eng d | ||
| 020 | _a9974798671 | ||
| 035 | _aUPN01000204849 | ||
| 049 | _aI | ||
| 050 | 4 |
_aPZ74 _bB3.38 |
|
| 100 | 1 |
_aBallesteros, Adriana, _d1963- _937735 |
|
| 245 | 1 | 0 |
_aCuentos con hadas / _cAdriana Ballesteros ; il. Gloria Saavedra. |
| 260 |
_aMontevideo : _bLatinbooks International, _c2007. |
||
| 300 |
_a32 p. : _bil. col. |
||
| 650 | 0 |
_aCuentos de hadas _95259 |
|
| 650 | 4 |
_aLibros y lectura para niƱos _92290 |
|
| 905 | _aInfantil | ||
| 999 |
_c176950 _d176950 |
||